=LDR 00000nam 2200000 4500 =001 NUTBA000000000005303 =990 ##$$a 21415281 =005 20210408101102 =990 ##$$a 21415277 =035 ##$$a 0010-101400000000533 =990 ##$$a 21415278 =008 210408################g##########0#ind## =990 ##$$a 21415279 =020 ##$$a 979-462-930-8 =990 ##$$a 21415280 =040 ##$$a NBPDMAT =082 ##$$a 300.76 =090 ##$$a 300.76 $b Ips i =245 1#$$a IPS 3 untuk SMP/MTS kelas ix /$c Sutarto, Sunardi, Nanang Herjunanto [ at.al ] =260 ##$$a Jakarta :$b Pusat Perbukuan Departemen Pendidikan Nasional,$c 2008 =300 ##$$a x, 334 hlm. : $b ilus. ; $c 25 x 18 cm =500 ##$$a Bibliografi : hlm.325-327 =650 #4$$a IPS-Studi dan Pengajaran =850 ##$$a NBPDMAT =084 ##$$a 300.76 IPS i =100 #$$a IPS untuk SMP/MTS kelas ix =990 ##$$a 21415277 =990 ##$$a 21415278 =990 ##$$a 21415279 =990 ##$$a 21415280 =990 ##$$a 21415281 =990 ##$$a 21415279 =990 ##$$a 21415277 =990 ##$$a 21415278 =990 ##$$a 21415280 =990 ##$$a 21415281